00577nam a22001697a 4500003000900000008004100009040007100050082001900121100002000140245003600160260003300196300002800229505010800257650001500365650001400380650001300394AR-CdUCM190516b ||||| |||| 00| 0 spa d aMUNICIPALIDAD PROVINCIAL DEL CUSCOcBIBLIOTECA MUNICIPAL DEL CUSCO a869.26 /bAN62 aAntonini, M. E. aLos caballeros del rey Arturo / aBuenos Aires :bAcme,c1956. a352 páginas ;c20 cm. aContenido : El mago Merlín -- El dragón blanco y el dragón rojo -- El cáliz resplandeciente ... aLiteratura aArgentina aSiglo XX